Bharatar Swadhinatar Itibritta (Record no. 5051)

MARC details
000 -LEADER
fixed length control field 00470cam a2200181ua 4500
001 - CONTROL NUMBER
control field 5902
005 - DATE AND TIME OF LATEST TRANSACTION
control field 20260515113942.0
008 - FIXED-LENGTH DATA ELEMENTS--GENERAL INFORMATION
fixed length control field 131026n ii |||gr||||Z||||||asm
040 ## - CATALOGING SOURCE
Transcribing agency MAIN
082 ## - DEWEY DECIMAL CLASSIFICATION NUMBER
Classification number 954.035
245 11 - TITLE STATEMENT
Title Bharatar Swadhinatar Itibritta
Statement of responsibility, etc. By Hemchandra Dutta
260 ## - PUBLICATION, DISTRIBUTION, ETC.
Place of publication, distribution, etc. Jorhat:
Name of publisher, distributor, etc. Shree Guru Press,
Date of publication, distribution, etc. 1968.
300 ## - PHYSICAL DESCRIPTION
Extent x,236p.
653 ## - INDEX TERM--UNCONTROLLED
Uncontrolled term History
653 ## - INDEX TERM--UNCONTROLLED
Uncontrolled term Bharatar Swadhinatar Itibritta
700 1# - ADDED ENTRY--PERSONAL NAME
Personal name Dutta,Hemchandra,
Relator term Author.
942 ## - ADDED ENTRY ELEMENTS (KOHA)
Koha item type Books
Holdings
Withdrawn status Lost status Damaged status Not for loan Home library Current library Shelving location Date acquired Total checkouts Full call number Barcode Date last seen Copy number Price effective from Koha item type
        Naharkatiya College Library Naharkatiya College Library General stacks 09/19/2020   954.035 | DUT 8719 09/19/2020 1 09/19/2020 Books